Stop per Sarti Antonio /

Salvato in:
Dettagli Bibliografici
Autore principale: Macchiavelli, Loriano (Autore)
Natura: Libro
Lingua:italiano
Pubblicazione: Bologna : Cappelli, [1987]
Tags: Aggiungi Tag
Nessun Tag, puoi essere il primo ad aggiungerne!!

MARC

LEADER 00000nam a2200000 i 4500
001 IT\ICCU\CFI\0112291
003 ItRI
005 20260115232321.0
008 900102s1987 it |||||| ||||| |||||c
015 |2 IT  |a 89-13020 
040 |b ita  |c importazione bologna sebina 
041 7 |a ita  |2 ISO-639-2 
082 |a 853.914  |9 NARRATIVA ITALIANA. 1945-  |2 19 
100 1 |a Macchiavelli, Loriano  |0 IT\ICCU\CFIV\001230  |4 aut 
240 1 0 |a Stop per Sarti Antonio  |3 IT\ICCU\RAV\2058953  |9 Macchiavelli, Loriano 
245 1 0 |a Stop per Sarti Antonio /  |c Loriano Macchiavelli. 
260 |a Bologna :  |b Cappelli,  |c [1987] 
300 |a 221 p. ;  |c 22 cm 
790 1 |a Quicher, Jules  |3 IT\ICCU\CFIV\136601  |z Macchiavelli, Loriano 
942 |2 ddc  |c BK  |n 0 
952 |0 0  |1 0  |4 0  |6 DOC_853_914000000000000_MAC  |7 0  |9 24069  |a BO  |b BO  |d 2026-01-15  |i 1193  |l 0  |o DOC 853.914 MAC  |p BO1193  |r 2026-01-15 23:23:21  |w 2026-01-15  |x [Sebina 5] [1 v.]  |y BK  |z 1 v. 
999 |c 20496  |d 20496